00513cam a22001697a 4500003000500000005001700005008004100022010001000063011001000073035001000083040000900093100002200102245008900124500008200213650001800295650003000313CHAP20220329140419.0971013s r 00010 d a51622 a52594 a56744 cCHAP00aWanchope, Robert.10aHouse mounds of Uaxactun, Guatemala, with notes on the pottery by Edith B. Ricketson aSobretiro de : Contributions to American Archeology 2(5-12), 1934. p. 107-17114aArqueología14aArqueologíaxGuatemala.